Love, let me not Hunger
Tallennettuna:
| Päätekijä: | |
|---|---|
| Aineistotyyppi: | Kirja |
| Kieli: | Undetermined |
| Julkaistu: |
New York, Estados Unidos
Doubleday
1963
|
| Aiheet: | |
| Tagit: |
Lisää tagi
Ei tageja, Lisää ensimmäinen tagi!
|
MARC
| LEADER | 00000nam a2200000Ia 4500 | ||
|---|---|---|---|
| 008 | 170316s9999 xx 000 0 und d | ||
| 040 | |a cru BVZT | ||
| 090 | |a 810 G-4L | ||
| 100 | |a Gallico, Paul | ||
| 245 | |a Love, let me not Hunger | ||
| 260 | |a New York, Estados Unidos | ||
| 260 | |b Doubleday | ||
| 260 | |c 1963 | ||
| 300 | |a 323 páginas | ||
| 650 | |a LITERATURA ESTADOUNIDENSE | ||
| 999 | |c 5682 |d 5682 | ||
| 942 | |c 15 D |h 810 G-4L |2 z | ||
